000 00961cab a2200277 4500
001 ABS49856
008 090401t1993 xxu||||| |||| 00| 0 eng d
035 _a(Sirsi) u73050
041 _aeng
100 _aRostron, A.
245 2 _aA colour strategy for Norwich
260 _c1993
350 _a0
490 _aContext
_v(40) December 1993, 8-9(2)
520 _aTakes Norwich as a case study for the Sikkens Foundation research on urban colour, the findings of which are being incorporated into the city plan. A colour strategy, combined with palette, has been devised to compliment the city`s historical and developing use of distinctive building materials.
650 _aAESTHETIC CONTROL
650 _aBUILDING CONSERVATION
650 _aCOLOUR
650 _aDECORATIVE FINISHES
650 _aHISTORIC PAINTS
650 _aHISTORIC TOWNS
650 _aPAINT
690 _aPLANNING LAW AND PRACTICE
942 _n0
948 _c04/03/1997
999 _c46191
_d46191